00273nam a2200121Ia 4500008004100000100000900041245003400050260002500084300000800109650001000117942000700127999001700134190216s9999||||xx |||||||||||||| ||und|| aNull 0aHindi-Apni Hi Therah Ka Athmi bPragathi Prakashan a119 aHindi cBK c15649d15649